000 00725nam a2200217 a 4500
001 BRCA_4601
005 20190320204731.0
008 240910s2009----mx-o######---#000-0#spa-#
041 _aspa
044 _amx
050 4 _aNX514
_b.W54 2009
100 1 _aWiencke Olivares, María Isaura Antonieta
_911650
245 1 0 _aLa presencia en piedra del Art déco funerario, 1925-1940.
260 _aCiudad de México
_c2009
300 _a327 p.
_bil., fotografías
502 _aTesis Doctorado (Doctora en Historia del Arte) Centro Cultural Casas Lamm
650 1 4 _aArte decó
_eFunerario
_xHistoria
_ySiglo XX
_zMéxico
_911651
700 1 _aMartínez Lámbarry, Margarita
_eDirectora
_911652
902 _aTES
942 _2lcc
_cTES
999 _c4306
_d4306